000
00343nam a22001457a 4500
008
210225b ||||| |||| 00| 0 eng d
020
_a
9780321570734
041
_a
eng
080
_a
004
082
_a
004
100
_a
28
101
_a
SHK
245
_a
Excel Student Laboratory Manual and Workbook
_c
Halsey, J & Reda, E
942
_2
udc
_c
BK
999
_c
55229
_d
55229